| 000 | 00806nam a22002657a 4500 | ||
|---|---|---|---|
| 003 | CHAP | ||
| 005 | 20220329140713.0 | ||
| 008 | 971013s1975 r 00010 d | ||
| 010 | _a56309 | ||
| 011 | _a57281 | ||
| 035 | _a61435 | ||
| 040 | _cCHAP | ||
| 082 |
_a595.764 _bZ3 |
||
| 100 | 0 | 0 |
_aZayas, Fernando de. _9123830 |
| 245 | _aRevisión de la familia Cerambycidae (Coleóptera, Phytophagoidea) | ||
| 260 |
_aLa Habana : _bInstituto de Zoología, _c1975 |
||
| 300 |
_a442 p. _b: ilus. |
||
| 590 |
_aBATCH-UPD _b10 _c20130110 _lUCH01 _h0550 |
||
| 590 |
_aBATCH-UPD _b10 _c20130110 _lUCH01 _h2240 |
||
| 590 |
_aCONVERSION _b10 _c20130109 _lUCH01 _h1330 |
||
| 650 | 1 | 4 |
_aCerambycidae. _921333 |
| 901 | _aBK | ||
| 942 | _cLIBRO | ||
| 949 |
_a595.764 Z3 _bBC _cLIBRO _d33724000369146 _eLIBRO _h41037 _i61435 _mD _si |
||
| 999 |
_c56309 _d56309 |
||